00672nam a22002057a 4500003000900000008004100009020001800050040007100068082001500139100001900154245005800173260003500231300002600266505010100292650001200393650001700405650001200422650001500434650001700449AR-CdUCM190226b ||||| |||| 00| 0 spa d a950-9097-52-7 aMUNICIPALIDAD PROVINCIAL DEL CUSCOcBIBLIOTECA MUNICIPAL DEL CUSCO a973 /bH72 aHorowitz, Ruth aCultura, honor e identidad en una comunidad Chicana / aArgentina :bFraterna ;c1986. a365 páginasc20 cm. aContenido: La Cultura y los vecindarios de la urbe -- La marginalidad y el sueño americano ... aCultura aMarginalidad aFamilia aFemineidad aReputación